000
003090000a22001330004500
060
_a
100
082
_a
330 DEW
100
_a
Kewal Krishan Dewelt, Adarsh Chand
245
_a
Modern economic theory
260
_a
Newdelhi, Shyam lal charitable trust
300
_a
741
650
_a
Economics
942
_c
BK
999
_c
359262
_d
359262